ARRUPE JESUIT UNIVERSITY

CORONAVIRUS -STOP THE SPREAD - CLEAN,DISINFECT,COVER

Catechesis and religious education in a plurarist society (Record no. 64426)

MARC details
000 -LEADER
fixed length control field 00454nam a2200193Ia 4500
003 - CONTROL NUMBER IDENTIFIER
control field 0100
008 - FIXED-LENGTH DATA ELEMENTS--GENERAL INFORMATION
fixed length control field 130303s9999 xx 000 0 und d
020 ## - INTERNATIONAL STANDARD BOOK NUMBER
International Standard Book Number 0855742976
040 ## - CATALOGING SOURCE
Transcribing agency ARRUPELIB
050 ## - LIBRARY OF CONGRESS CALL NUMBER
Classification number BV1471.2.R77
300 ## - PHYSICAL DESCRIPTION
Other physical details 24cm.
100 ## - MAIN ENTRY--PERSONAL NAME
Personal name Rummery, R. M.
245 ## - TITLE STATEMENT
Title Catechesis and religious education in a plurarist society
260 ## - PUBLICATION, DISTRIBUTION, ETC. (IMPRINT)
Place of publication, distribution, etc Sydney
260 ## - PUBLICATION, DISTRIBUTION, ETC. (IMPRINT)
Name of publisher, distributor, etc E.J. Dwyer
260 ## - PUBLICATION, DISTRIBUTION, ETC. (IMPRINT)
-- 1975
300 ## - PHYSICAL DESCRIPTION
Extent 225p.
942 ## - ADDED ENTRY ELEMENTS (KOHA)
Source of classification or shelving scheme Library of Congress Classification
Koha issues (borrowed), all copies 1
Holdings
Withdrawn status Lost status Source of classification or shelving scheme Damaged status Not for loan Collection code Home library Current library Shelving location Date acquired Total Checkouts Full call number Barcode Date last seen Date checked out Copy number Price effective from Koha item type
    Library of Congress Classification     Main Collection ARRUPE LIBRARY ARRUPE LIBRARY   05/03/2013 1 BV1471.2.R77 46003096564 24/01/2017 14/05/2014 1 05/03/2013 Monograph ( Printed materials)

 

Arrupe Library. PO Box MP320 Mt Pleasant, Harare, Zimbabwe
263 242 745411|librarian@aju.ac.zw